00576nam a22001697a 450000500170000001000120001702000260002903700250005508200100008010000170009024501040010725000060021126000430021727001070026030000200036770000190038720260303120838.0 aBACEN26 a9789359771403c795.00 bThe Readers Paradise a370.1 aParmod Kumar aChalk, Talk, and Transformation:bEducational Theories at Work/cby Parmod Kumar {and} Shaurya Vats a1 aNew Delhi bThe Readers Paradisec2026 a103,4787/23, Ansari Road, DaryaganjbNew Delhi e110002k9654444181mthereadersparadisesales@gmail.com a152p.c22cm(Hb) aVats, Shaurya